El Estatuto de los funcionarios públicos : su convergencia con el Estatuto de los Trabajadores / Ma José Rodríguez Ramos su convergencia con el Estatuto de los Trabajadores / Ma José Rodríguez Ramos
ISBN:
84-8151-447-0
Descripción Física:
602 p. ; 22 cm
MARC
| LEADER | 00000nam a2200000Ia 4500 | ||
|---|---|---|---|
| 001 | 20045 | ||
| 008 | 160829s1997 xx 000 0 cat d | ||
| 020 | |a 84-8151-447-0 | ||
| 080 | |a D-3-196 | ||
| 100 | |a Rodríguez Ramos, Ma José |9 45160 | ||
| 245 | |a El Estatuto de los funcionarios públicos : |b su convergencia con el Estatuto de los Trabajadores / Ma José Rodríguez Ramos | ||
| 260 | |a Granada : |b Comares, |c 1997 | ||
| 300 | |a 602 p. ; |c 22 cm | ||
| 490 | |a (Biblioteca Comares de ciencia jurídica) (Estudios de derecho del trabajo ; 1) | ||
| 590 | |a A la coberta: Actualizado conforme a la Ley 13/1990, de 30 de diciembre | ||
| 650 | |a Espanya |x Funcionaris i empleats |x Dret i legislació |9 28282 | ||
| 650 | 0 | |a Dret del treball |z Espanya |9 10697 | |
| 901 | |a Arxiu | ||
| 942 | |n 1 | ||
| 952 | |0 1 |1 0 |2 udc |4 0 |5 2 |6 D3196 |7 1 |9 52404 |a Arxiu |b Arxiu |d 2016-12-01 |l 0 |o D-3-196 |p 20045 |r 2016-12-01 00:00:00 |w 2016-12-01 |y ARXIU | ||
| 999 | |c 56252 |d 56252 | ||